Most Disputed "Countries"? - Statistics

General Stats
  • This quiz has been taken 474 times
  • The average score is 11 of 16
Answer Stats
Continent "Country"? Status/Claimant % Correct
Asia Republic of China Claimed by People's Republic of China
94%
Asia South Korea Claimed by North Korea
93%
Europe Republic of Kosovo Claimed by Serbia
92%
Asia State of Palestine Claimed by Israel
92%
Europe Republic of Cyprus Claimed by Northern Cyprus; Unrecognized by Turkey
85%
Asia North Korea Claimed by South Korea; Unrecognized by France, Japan, & Taiwan
81%
Asia Sahrawi Arab Democratic Republic Claimed by Morocco
80%
Africa Republic of Somaliland Claimed by Somalia
69%
Asia State of Israel Parts of Israel have been claimed by: Syria, Lebanon, and Palestine; Unrecognized by 31 countries
65%
Eurasia Republic of South Ossetia Claimed By Georgia
58%
Europe Republic of Armenia Unrecognized by Pakistan
57%
Asia People's Republic of China Claimed by Republic of China; Status: It's Complicated
56%
Eurasia Republic of Abkhazia Claimed by Georgia
54%
Europe Pridnestrovian Moldavian Republic Claimed by Moldova
52%
Asia Republic of Artsakh Claimed by Azerbaijan
35%
Europe Turkish Republic of Northern Cyprus Claimed by Cyprus
13%
No matching quizzes found
Score Distribution
Percent of People with Each Score
Percentile by Number Answered
Your Score History
You have not taken this quiz